Denizyolu yük taşımacılığı yönetim ve organizasyonu/ (Record no. 11271)
| 000 -BAŞLIK | |
|---|---|
| Sabit Uzunluktaki Kontrol Alanı | 01254nam a22003857a 4500 |
| 001 - KONTROL NUMARASI | |
| Control Dosyası | 0011302 |
| 003 - KONTROL NUMARASI KİMLİĞİ | |
| Kontrol Alanı | KOHA_MİRAKIL |
| 005 - EN SON İŞLEM TARİHİ ve ZAMANI | |
| Kontrol Alanı | 20260207001812.0 |
| 007 - FİZİKSEL TANIM SABİT ALAN - GENEL BİLGİ | |
| Sabit uzunluklu kontrol alanı | ta |
| 008 - SABİT UZUNLUKTAKİ VERİ ÖGELERİ - GENEL BİLGİ | |
| Sabit Alan | 091207b1991 tu |||gr||||#||||0|tur | |
| 020 ## - ISBN - ULUSLARARASI STANDART KİTAP NUMARASI | |
| Kullanılabilirlik koşulları | 0,01 |
| 040 ## - KATALOGLAMA KAYNAĞI | |
| Özgün Kataloglama Kurumu | TR-BiSEU |
| Kataloglama Dili | tur |
| Çeviri Kurumu | TR-BiSEU |
| Açıklama Kuralları | rda |
| 041 0# - DİL KODU | |
| Metin ya da ses kaydının dil kodu | tur |
| 044 ## - YAYINLAYAN/ÜRETEN KURULUŞUN ÜLKE KODU | |
| ISO country code | tu |
| 050 ## - SINIFLAMA ve YER NUMARASI | |
| Sınıflama Numarası | HE571 |
| Yer Numarası | .P44 1991 |
| 100 1# - KİŞİ ADI | |
| Yazar Adı (Kişi adı) | Pekdemir, Işıl Mendeş. |
| 245 1# - ESER ADI BİLDİRİMİ | |
| Başlık | Denizyolu yük taşımacılığı yönetim ve organizasyonu/ |
| Sorumluluk Bildirimi | Işıl Mendeş Pekdemir ; Işıl Mendeş Pekdemir. |
| 264 #1 - ÜRERİM, YAYIN, DAĞITIM ve TELİF BİLDİRİMİ | |
| Yayın yeri | İstanbul : |
| Yayınlayan | İşletme Fakültesi İşletme İktisadı Enstitüsü |
| Yayın tarihi | 1991 |
| 300 ## - FİZİKSEL TANIMLAMA | |
| Sayfa, Cilt vb. | 165 sayfa |
| 336 ## - İÇERİK TÜRÜ | |
| Content type term | metin |
| Content type code | txt |
| Source | rdacontent |
| 337 ## - MEDYA TÜRÜ | |
| Media type term | aracısız |
| Media type code | n |
| Source | rdamedia |
| 338 ## - TAŞIYICI TÜRÜ | |
| Carrier type term | cilt |
| Carrier type code | nc |
| Source | rdacarrier |
| 490 0# - DİZİ BİLDİRİMİ | |
| Dizi Bildirimi | İşletme Fakültesi yayın no. |
| 490 0# - DİZİ BİLDİRİMİ | |
| Dizi Bildirimi | 251. |
| 490 0# - DİZİ BİLDİRİMİ | |
| Dizi Bildirimi | İşletme İktisadı Enstitüsü yayın no. |
| 490 0# - DİZİ BİLDİRİMİ | |
| Dizi Bildirimi | 144. |
| 500 ## - GENEL NOT | |
| Genel Not | Kaynakça var. |
| 650 #0 - KONU BAŞLIĞI EK GİRİŞ - KONU TERİMİ | |
| Konusal terim veya coğrafi ad | Deniz taşımacılığı--Yönetim. |
| 9 (RLIN) | 27541 |
| 650 #0 - KONU BAŞLIĞI EK GİRİŞ - KONU TERİMİ | |
| Konusal terim veya coğrafi ad | Deniz taşımacılığı--Yönetim--Türkiye. |
| 9 (RLIN) | 27542 |
| 830 0# - SERİ EK GİRİŞİ - TEKBİÇİM ESER ADI | |
| Tekbiçim Başlık | İşletme Fakültesi yayın no. |
| 9 (RLIN) | 10652 |
| 830 0# - SERİ EK GİRİŞİ - TEKBİÇİM ESER ADI | |
| Tekbiçim Başlık | 251. |
| 9 (RLIN) | 6814 |
| 830 0# - SERİ EK GİRİŞİ - TEKBİÇİM ESER ADI | |
| Tekbiçim Başlık | İşletme İktisadı Enstitüsü yayın no. |
| 9 (RLIN) | 19389 |
| 830 0# - SERİ EK GİRİŞİ - TEKBİÇİM ESER ADI | |
| Tekbiçim Başlık | 144. |
| 9 (RLIN) | 6699 |
| 942 ## - EK GİRİŞ ÖGELERİ (KOHA) | |
| Source of classification or shelving scheme | Library of Congress Classification |
| Koha item type | Book |
| Materyal Türü | Kalıcı Konum | Mevcut Konum | Raf Yeri | Sınıflandırma Kaynağı | Edinim Bilgisi | Ana Konular | Alt Konular | Yer Numarası | Demirbaş Numarası | Fatura Tarihi | Geri Çekilme Durumu | Kayıp Durumu | Hasarlı Durumu | Kredi için değil | Kayıt Tarih | Toplam Ödünçverme | Son Görülme Tarihi | Son Kontrol Tarihi | Genel / Bağış Notu |
|---|---|---|---|---|---|---|---|---|---|---|---|---|---|---|---|---|---|---|---|
| Book | Prof. Dr. Azmi Özcan Kütüphanesi | Prof. Dr. Azmi Özcan Kütüphanesi | Uluğbey Salonu | Library of Congress Classification | Bağış | SOSYAL BİLİMLER | Ulaşım ve İletişim | HE571 .P44 1991 | 0011302 | 13/08/2010 | 07/12/2009 | 1 | 05/12/2024 | 05/12/2024 | Genel Bağış | ||||
| Book | Prof. Dr. Azmi Özcan Kütüphanesi | Prof. Dr. Azmi Özcan Kütüphanesi | Uluğbey Salonu | Library of Congress Classification | Bağış | SOSYAL BİLİMLER | Ulaşım ve İletişim | HE571 .P44 1991 | 0029531 | 02/02/2026 | 14/04/2011 | 05/12/2024 | 05/12/2024 | Genel Bağış |
